000 01291cam a22004094i 4500
003 PE-LiUPU
005 20250731173236.0
008 150625s r 000 0 d
035 _a(Sirsi) a35017
040 _aPE-LiUPU
_bspa
_cPE-LiUPU
_erda
082 0 4 _a231.7
_bG81
_221
100 1 _aGregory, J. E.
_q(John Edward),
_d1904-1961,
_eautor.
245 1 0 _aGod's Decalogue of Love /
_cJ. E. Gregory.
264 1 _aPasadena, CA :
_bJ.E. Gregory,
_c1961
300 _a96 páginas. ;
_c17 cm.
336 _atext
_2rdacontent
337 _aunmediated
_2rdamedia
338 _avolume
_2rdacarrier
526 _aSEG42
526 _aSEG41
526 _aSEG40
526 _aSEG39
526 _aP94
526 _aP87
526 _aP86
526 _aP85
526 _aP77
526 _aP76
526 _aP35
650 0 4 _aDiez mandamientos.
_9925
910 _a
942 _2ddc
_cBOOK
949 _a231.7 G81
_wDEWEY
_c1
_i00238
_lCCODEBUL1
_mBUL
_p00.00
_r0
_sY
_tBOOK
_u2015-06-25
_xBIBLIOTECA
_zUNKNOWN
_0COMPRA
_o.STAFF. Colección General
596 _a1
999 _a231.7 G81
_wDEWEY
_c42938
_i00238
_f2021-11-11
_g5
_lCCODEBUL1
_mBUL
_r0
_sY
_tBOOK
_u2015-6-25
_xTEOLOGIA
_zUNKNOWN
_0COMPRA
_o.STAFF. Colección General
_d42938
980 _81
_gALBERTO SANCHEZ Responsable de Automatización